Normal view
MARC view
- Heizer, JAY
Entry Personal Name
001 - CONTROL NUMBER
- control field: 85345
003 - CONTROL NUMBER IDENTIFIER
- control field: NUST
005 - DATE AND TIME OF LATEST TRANSACTION
- control field: 20211130180614.0
008 - FIXED-LENGTH DATA ELEMENTS
- fixed length control field: 211130|| aca||aabn | a|a d
040 ## - CATALOGING SOURCE
- Original cataloging agency: NUST
- Transcribing agency: NUST
100 ## - HEADING--PERSONAL NAME
- Personal name: Heizer, JAY
670 ## - SOURCE DATA FOUND
- Source citation: Work cat.: (NUST)33883: Heizer, JAY, Operations Management , 2015.
